Score 0/15 Timer 01:00
12 Plays Today
% Correct
MIC Drop
95.5%
Fire
95.2%
Danger
94.7%
Make It Right
92.9%
Spring Day
91.5%
Baepsae
91.5%
DNA
91.1%
Dimple
88%
% Correct
Converse High
87.5%
Pied Piper
87.3%
Hold Me Tight
82.7%
IDOL
80.6%
Fake Love
76.2%
Dead Leaves
74.4%
Boy With Luv
71.5%

Today's Daily Dose

Missing Word
'M' Pairs

Quick Pick
'F' Video Games

Get the Picture
MCU Captains

You're not logged in!

Compare scores with friends on all Sporcle quizzes.
OR
Log In

Sporcle TV

Today on Sporcle TV


Watch our educational content, quiz creation guides, and fun videos on Sporcle TV.

Show Comments

Extras

Top Quizzes Today


Score Distribution

Paid Content

Your Account Isn't Verified!

In order to create a playlist on Sporcle, you need to verify the email address you used during registration. Go to your Sporcle Settings to finish the process.

Report this User

Report this user for behavior that violates our Community Guidelines.

Details: